La storia di...
সংরক্ষণ করুন:
| প্রধান লেখক: | |
|---|---|
| বিন্যাস: | গ্রন্থ |
| ভাষা: | ইংরেজি |
| ট্যাগগুলো: |
কোনো ট্যাগ নেই, প্রথমজন হিসাবে ট্যাগ করুন!
|
MARC
| LEADER | 00000nam a2200000 4500 | ||
|---|---|---|---|
| 001 | CDOM0000003935 | ||
| 003 | mi | ||
| 005 | 20251016150946.0 | ||
| 008 | 251016b |||||||| |||| 00| 0 eng d | ||
| 040 | |c mi | ||
| 100 | |a Pascal S. | ||
| 245 | 1 | |a La storia di... | |
| 942 | |2 ddc |c BK | ||
| 952 | |0 0 |1 0 |2 ddc |4 0 |7 0 |9 7097 |a MI |b MI |d 2009-09-21 |i 5679 |l 0 |p CDOM5679 |r 2025-07-13 16:28:00 |w 2025-07-13 |x ACQUISTO |y BK | ||
| 999 | |c 5800 |d 5800 | ||